|
|
แสดงรายละเอียดบรรณานุกรม |
|
|
Brief Record
: Get Marc (ISO 2709)
: E-mail record
: |
|
|
| LEADER 00000nama 2200000uu 4500 | |||
| 001 193997 | |||
| 003 ULIBM | |||
| 008 040531s|||| th m m a000 0 tha d | |||
| 020 974-92042-6-3 | |||
| 041 tha | |||
| 050 WB 537 ว366ส 2547 | |||
| 100 ปีเตอร์ วอล์กเกอร์. | |||
| 245 สัมผัสลูกน้อย. | |||
| 260 2547. หมอชาวบ้าน. กรุงเทพฯ. | |||
| 300 83หน้า. | |||
| 600 อำนาจ บาลี. | |||
| 650 การนวด | |||
| 995 001 | |||
| คุณยังไม่ได้ล็อกอิน คุณสามารถมีกิจกรรมร่วมกับเว็บไซต์ได้ แต่ต้องล็อกอินก่อน :: |
|
| สถานะ | |||||||||
| 1. | หนังสือทั่วไป สถานะ=อยู่บนชั้นแสดงหนังสือ | WB 537 ว366ส 2547 | On Shelf ขอยืม | ||||||
| [แสดง 1/1 รายการ] | |||||||||
BibComment |
| คอมเมนท์ทรัพยากรรายการนี้ |
|
|